ՀՀ Գիտությունների ազգային ակադեմիայի հիմնարար գիտական գրադարան  =   Fundamental Scientific Library of NAS RA

Համեմատական աստվածաբանություն / (Record no. 532701)

MARC details
000 -LEADER
fixed length control field 01043nam a2200265 a 4500
001 - CONTROL NUMBER
control field 1902325
003 - CONTROL NUMBER IDENTIFIER
control field AM-YEHGA
005 - DATE AND TIME OF LATEST TRANSACTION
control field 20250617165000.0
008 - FIXED-LENGTH DATA ELEMENTS--GENERAL INFORMATION
fixed length control field 230511s ai |||||||||||||||0|arm|d
040 ## - CATALOGING SOURCE
Original cataloging agency AM-YeHGA
041 1# - LANGUAGE CODE
Language code of text/sound track or separate title arm
Language code of original und
090 ## - LOCALLY ASSIGNED LC-TYPE CALL NUMBER (OCLC); LOCAL CALL NUMBER (RLIN)
-- 571637
100 0# - MAIN ENTRY--PERSONAL NAME
Personal name Շենուդա
Numeration Գ
Titles and words associated with a name Հայրապետ,
Dates associated with a name 1923-2012
245 10 - TITLE STATEMENT
Title Համեմատական աստվածաբանություն /
Statement of responsibility, etc. Շենուդա Գ Պատրիարք Ղպտի Ուղղափառ եկեղեցու ; Թարգմանությունը՝ Սեդա Ստամբոլցյանի; Ծանոթագր.՝ թարգմանչի․
246 15 - VARYING FORM OF TITLE
Title proper/short title Comparative thelology
260 ## - PUBLICATION, DISTRIBUTION, ETC.
Place of publication, distribution, etc. Ա. տ. :
Name of publisher, distributor, etc. Ա. հ.,
Date of publication, distribution, etc. Ա. թ.
300 ## - PHYSICAL DESCRIPTION
Extent հատոր :
Dimensions 20,5 սմ.
505 10 - FORMATTED CONTENTS NOTE
Miscellaneous information Հ. 1 (Ա. թ.; 176 էջ)
650 14 - SUBJECT ADDED ENTRY--TOPICAL TERM
Topical term or geographic name entry element Կրոն
650 14 - SUBJECT ADDED ENTRY--TOPICAL TERM
Topical term or geographic name entry element Քրիստոնեություն
650 14 - SUBJECT ADDED ENTRY--TOPICAL TERM
Topical term or geographic name entry element Ուղղափառ եկեղեցի
650 14 - SUBJECT ADDED ENTRY--TOPICAL TERM
Topical term or geographic name entry element Քաղկեդոնականություն
700 1# - ADDED ENTRY--PERSONAL NAME
Personal name Ստամբոլցյան, Սեդա
Relator term թարգմ.
Relationship trl.
Relator term ծանոթագր.
Relationship cmm
942 ## - ADDED ENTRY ELEMENTS (KOHA)
Source of classification or shelving scheme Universal Decimal Classification
Koha item type Գրքեր / Books
Holdings
Withdrawn status Lost status Source of classification or shelving scheme Damaged status Not for loan Collection Home library Current library Date acquired Serial enumeration / chronology Total checkouts Full call number Barcode Date last seen Price effective from Koha item type Public note
    Universal Decimal Classification     General Fundamental Scientific Library Fundamental Scientific Library 09/01/2025 Հ. 1   AII/112764 FL0685300 09/01/2025 09/01/2025 Գրքեր / Books 30 Days Loan


ՀՀ ԳԱԱ հիմնարար գիտական գրադարան
ՀՀ,Երևան 0019
Մարշալ Բաղրամյան 24/6
հեռախոս:(374-10) 52-47-50
Հետադարձ կապ

All site content, except where otherwise noted, is licensed under a
Creative Commons License